| 000 | 00400nam a2200181Ia 4500 | ||
|---|---|---|---|
| 008 | 221030s9999 xx 000 0 und d | ||
| 020 | _a0070486603 | ||
| 041 | _aEnglish | ||
| 082 |
_a105.23 _bHis |
||
| 100 | _aR. D. Hisrich | ||
| 245 | 0 | _aEnterpreneurship | |
| 250 | _a5th | ||
| 260 |
_bTMH _aNew Delhi _c2004 |
||
| 300 | _a663 | ||
| 650 | _aManagement | ||
| 700 | _aM .t. Peters | ||
| 942 | _cBK | ||
| 999 |
_c1627 _d1627 |
||